¡Peligro! periodistas : un análisis crítico del oficio de informar /

Uloženo v:
Podrobná bibliografie
Hlavní autor: Mínguez Santos, Luis (autor)
Médium: Kniha
Jazyk:španělština
Vydáno: Sevilla, España : Comunicación Social, 2015, c2015
Edice:(Colección Periodística ; 14)
Témata:
Tagy: Přidat tag
Žádné tagy, Buďte první, kdo vytvoří štítek k tomuto záznamu!

MARC

LEADER 00000nam^a2200000^a^4500
001 000356704
005 20250521000000.0
009 20260310115238.801
020 |a 84-96082-32-6 
037 |a Acervo ITESO - Biblioteca 
041 |a ESP 
082 |a 302. 2310946083  |b MIN 
100 |a Mínguez Santos, Luis  |e (autor) 
245 1 0 |a ¡Peligro! periodistas :  |b un análisis crítico del oficio de informar /  |c L. Mínguez Santos. 
264 4 |a Sevilla, España :  |b Comunicación Social,  |c 2015, c2015 
300 |a 243 p. 
336 |a texto  |b txt  |2 rdacontenido 
337 |a sin mediación  |b n  |2 rdamedio 
338 |a volumen  |b nc  |2 rdasoporte 
440 1 |a (Colección Periodística ;  |v 14) 
649 |a XX 
650 |a Periodismo -  |z España -  |x Historia -  |y Juan Carlos I, 1975-2014 -  |x Tema Principal 
650 |a Medios de Comunicación -  |z España -  |x Historia -  |y Juan Carlos I, 1975-2014 
650 |a Comunicación Masiva -  |z España -  |x Historia -  |y Juan Carlos I, 1975-2014 
910 |a Fondo General 
920 |a Impresos - Libros 
930 |a Colección General 
905 |a 101 
901 |a 0500249417  |b IT1  |c ACC  |i C147062  |u 20250521 
902 |a https://opac.biblio.iteso.mx/vufind/Record/000356704